مكتبة جامعة عجلون الوطنية

فهرس بحث المكتبة

Normal view MARC view
  • تأليف يحيى سليمان، سوسن

Entry Personal Name

Number of records used in: 1

001 - CONTROL NUMBER

  • control field: 36171

003 - CONTROL NUMBER IDENTIFIER

  • control field: JO-AjAnu

005 - DATE AND TIME OF LATEST TRANSACTION

  • control field: 20230606080037.0

008 - FIXED-LENGTH DATA ELEMENTS

  • fixed length control field: 230606|| aca||aabn | a|a d

040 ## - CATALOGING SOURCE

  • Original cataloging agency: JO-AjAnu
  • Transcribing agency: JO-AjAnu

100 ## - HEADING--PERSONAL NAME

  • Personal name: تأليف يحيى سليمان، سوسن

670 ## - SOURCE DATA FOUND

  • Source citation: Work cat.: (JO-AjAnu)18571: تأليف يحيى سليمان، سوسن , author, آثارنا الإسلامية:العمارة في صدر الإسلام والعصر العباسي الأول